000 00495nam a22001937a 4500
003 SEACOMEC
005 20240312130548.0
008 240312b |||||||| |||| 00| 0 eng d
020 _a978-8188429462
_c125/-
040 _aSEACOMEC
041 _aEnglish
082 _a005.133
_bR165
100 _aRamaswamy, S.
245 _aProgramming in C
_c/ S. Ramaswamy
260 _aChennai
_bScitch Publications
_c2005
650 _aCOMPUTER PROGRAMMING
700 _aRadhaganesan, P
942 _cBOOK
999 _c754
_d754